[Event "DVM U20 2009"]
[Site "Chemnitz GER"]
[Date "2009.12.29"]
[Round "6"]
[White "Kulke, Tobias"]
[Black "Borgmeyer, Max"]
[Result "1/2-1/2"]
[Termination "normal"]
[Board "5.1"]
[WhiteElo "2144"]
[BlackElo "2058"]
[WhiteTeam "USG Chemnitz"]
[BlackTeam "SC Königsspringer Hamburg 1984"]
[PlyCount "94"]
[WhiteFideId "24607703"]
[BlackFideId "24615870"]
[EventCountry "GER"]
[EventRounds "7"]
[EventType "team-swiss"]
[EventDate "2009.12.26"]

1. e4 c5 2. Nf3 d6 3. d4 cxd4 4. Nxd4 Nf6 5. Nc3 a6 6. Be2 e5 7. Nb3 Be7 8. Be3
Be6 9. Qd2 Nbd7 10. f3 b5 11. a4 b4 12. Nd5 Bxd5 13. exd5 Nb6 14. Bxb6 Qxb6 15.
a5 Qb7 16. Rd1 O-O 17. O-O Rfc8 18. Bd3 Qxd5 19. Qxb4 Qc6 20. Rfe1 Qc7 21. Qd2
d5 22. Qe2 Bd6 23. g3 Re8 24. Kg2 Qb7 25. Rb1 g6 26. Nd2 Bb4 27. c3 Bxa5 28. b4
Bb6 29. c4 dxc4 30. Nxc4 Bc7 31. Na5 Bxa5 32. bxa5 Qd5 33. Rb6 Nd7 34. Rxa6
Rxa6 35. Bxa6 Qxa5 36. Bb5 Re7 37. Bxd7 Rxd7 38. Qxe5 Rd2+ 39. Kg1 Qb6+ 40. Qe3
Qb2 41. Qe8+ Kg7 42. Qe5+ Qxe5 43. Rxe5 Kf6 44. Re4 Rd5 45. Kf2 Re5 46. Ra4 Re7
47. Ra5 Rb7 1/2-1/2

[Event "DVM U20 2009"]
[Site "Chemnitz GER"]
[Date "2009.12.29"]
[Round "6"]
[White "Lock, Adrian"]
[Black "Eidner, Falk"]
[Result "1/2-1/2"]
[Termination "normal"]
[Board "5.2"]
[WhiteElo "2014"]
[BlackElo "1983"]
[WhiteTeam "SC Königsspringer Hamburg 1984"]
[BlackTeam "USG Chemnitz"]
[PlyCount "81"]
[WhiteFideId "24651290"]
[BlackFideId "24634557"]
[EventCountry "GER"]
[EventRounds "7"]
[EventType "team-swiss"]
[EventDate "2009.12.26"]

1. e4 e5 2. Nf3 Nc6 3. Bc4 Bc5 4. d3 Nf6 5. Be3 Bb6 6. O-O d6 7. c3 O-O 8. Bb3
Ne7 9. Nbd2 Ng6 10. Re1 Nh5 11. Nf1 Bg4 12. h3 Bd7 13. d4 Nhf4 14. dxe5 dxe5
15. Bxf4 Nxf4 16. Ne3 Bxe3 17. Rxe3 Re8 18. Ba4 Bxa4 19. Qxa4 Qf6 20. Kh2 Qb6
21. b3 Rad8 22. Qc4 Qe6 23. Qxc7 Rd7 24. Qa5 a6 25. Rf1 h6 26. c4 g5 27. Ng1
Red8 28. g3 Nd3 29. Qc3 Nc5 30. b4 Nd3 31. Ne2 f5 32. exf5 Qxf5 33. Kg2 Rf7 34.
f3 Rg7 35. Kh2 g4 36. Nc1 Nxc1 37. Rxc1 gxh3 38. Qxe5 Rd2+ 39. Kh1 Qxe5 40.
Rxe5 Rxg3 41. Rg1 1/2-1/2

[Event "DVM U20 2009"]
[Site "Chemnitz GER"]
[Date "2009.12.29"]
[Round "6"]
[White "Oltmanns, Ingmar"]
[Black "Maiorov, Daniel"]
[Result "1-0"]
[Termination "normal"]
[Board "5.3"]
[WhiteElo "1944"]
[BlackElo "1920"]
[WhiteTeam "USG Chemnitz"]
[BlackTeam "SC Königsspringer Hamburg 1984"]
[PlyCount "61"]
[WhiteFideId "4613910"]
[BlackFideId "24646920"]
[EventCountry "GER"]
[EventRounds "7"]
[EventType "team-swiss"]
[EventDate "2009.12.26"]

1. d4 Nf6 2. c4 Nc6 3. Nc3 e5 4. d5 Ne7 5. e4 Ng6 6. Be3 Bb4 7. f3 O-O 8. Nge2
d6 9. a3 Bxc3+ 10. Nxc3 Ne8 11. Qd2 f5 12. O-O-O f4 13. Bf2 c5 14. dxc6 bxc6
15. c5 Rf6 16. Bc4+ Be6 17. Qe2 Qc7 18. Rd2 Qf7 19. Bxe6 Qxe6 20. Rhd1 Rd8 21.
cxd6 Rxd6 22. Bxa7 Rxd2 23. Qxd2 Nd6 24. Bc5 Nc4 25. Qd8+ Nf8 26. Qb8 h5 27.
Rd8 Ne3 28. Rxf8+ Rxf8 29. Qxf8+ Kh7 30. Bxe3 fxe3 31. Qf5+ 1-0

[Event "DVM U20 2009"]
[Site "Chemnitz GER"]
[Date "2009.12.29"]
[Round "6"]
[White "Streich, Justus"]
[Black "Rosenblatt, Marcus"]
[Result "1-0"]
[Termination "normal"]
[Board "5.4"]
[WhiteElo "1902"]
[BlackElo "1959"]
[WhiteTeam "SC Königsspringer Hamburg 1984"]
[BlackTeam "USG Chemnitz"]
[PlyCount "91"]
[WhiteFideId "24697168"]
[BlackFideId "24627453"]
[EventCountry "GER"]
[EventRounds "7"]
[EventType "team-swiss"]
[EventDate "2009.12.26"]

1. e4 c5 2. Nc3 e6 3. g3 Nc6 4. Bg2 Nf6 5. f4 d5 6. e5 Nd7 7. Nf3 a6 8. O-O b5
9. Ne2 Be7 10. c3 Bb7 11. d4 Nb6 12. a3 a5 13. Bh3 g6 14. Kh1 a4 15. Qd3 Ba6
16. Re1 Na5 17. g4 b4 18. Qc2 bxa3 19. bxa3 h5 20. gxh5 Qd7 21. Ng3 Bc4 22. Be3
Nb3 23. Rad1 cxd4 24. Bxd4 Nc5 25. Nd2 Bb3 26. Nxb3 axb3 27. Qf2 Qc6 28. Bf1
gxh5 29. Qf3 Rxa3 30. Nxh5 Ra2 31. f5 Nba4 32. Bh3 Ne4 33. Nf6+ Bxf6 34. fxe6
fxe6 35. exf6 Qc7 36. f7+ Kf8 37. Bg7+ Kxg7 38. Rg1+ Kf8 39. Rg8+ Rxg8 40.
fxg8=Q+ Kxg8 41. Rg1+ Ng3+ 42. Rxg3+ Qxg3 43. Qxg3+ Kf7 44. Qc7+ Kf6 45. Qd8+
Ke5 46. Qb8+ 1-0

[Event "DVM U20 2009"]
[Site "Chemnitz GER"]
[Date "2009.12.29"]
[Round "6"]
[White "Oertel, Thomas"]
[Black "Langmann, Markus"]
[Result "1-0"]
[Termination "normal"]
[Board "5.5"]
[WhiteElo "2046"]
[BlackElo "1954"]
[WhiteTeam "USG Chemnitz"]
[BlackTeam "SC Königsspringer Hamburg 1984"]
[PlyCount "75"]
[WhiteFideId "4613902"]
[BlackFideId "24651281"]
[EventCountry "GER"]
[EventRounds "7"]
[EventType "team-swiss"]
[EventDate "2009.12.26"]

1. e4 e6 2. d4 d5 3. Nc3 dxe4 4. Nxe4 Be7 5. Nf3 Nd7 6. Bd3 Ngf6 7. Ng3 O-O 8.
O-O b6 9. Ne5 Bb7 10. f4 c5 11. c3 cxd4 12. cxd4 Nb8 13. Kh1 Qd5 14. Rf2 Nc6
15. Be3 Rfd8 16. Nxc6 Bxc6 17. Rc1 Rac8 18. Bc4 Qd7 19. f5 Nd5 20. Bd2 Nc7 21.
Be3 Bd5 22. Bd3 g6 23. fxg6 fxg6 24. Qg4 e5 25. Bf5 Be6 26. dxe5 Bxf5 27. Nxf5
Bf8 28. Qg3 Qd1+ 29. Rf1 Qd5 30. Bg5 Rd7 31. Nd6 Bxd6 32. exd6 Rxd6 33. Bf4 Rc6
34. Rxc6 Qxc6 35. Rc1 Qd7 36. Bxc7 Qd2 37. Qb3+ Kf8 38. Rf1+ 1-0

[Event "DVM U20 2009"]
[Site "Chemnitz GER"]
[Date "2009.12.29"]
[Round "6"]
[White "Akram, Shumon"]
[Black "Klebanov, Andrej"]
[Result "0-1"]
[Termination "normal"]
[Board "5.6"]
[WhiteElo "1732"]
[BlackElo "1860"]
[WhiteTeam "SC Königsspringer Hamburg 1984"]
[BlackTeam "USG Chemnitz"]
[PlyCount "76"]
[WhiteFideId "24697184"]
[BlackFideId "24669989"]
[EventCountry "GER"]
[EventRounds "7"]
[EventType "team-swiss"]
[EventDate "2009.12.26"]

1. e4 e6 2. d4 d5 3. e5 c5 4. c3 Nc6 5. Nf3 Qb6 6. a3 Bd7 7. b4 c4 8. a4 Nxb4
9. cxb4 Bxb4+ 10. Bd2 Rc8 11. Nc3 Ne7 12. Qc2 Nf5 13. Be3 Nxe3 14. fxe3 Qa5 15.
Kd2 b5 16. Be2 bxa4 17. Rhc1 a3 18. Kd1 Rb8 19. Nd2 Be7 20. Rcb1 O-O 21. Ke1
Bb4 22. Rc1 Rb7 23. Kf2 Rfb8 24. h4 Be7 25. g3 Rb2 26. Qd1 Bb4 27. Nxc4 dxc4
28. Ne4 Bd2 29. Nxd2 Rxd2 30. Qe1 Rbb2 31. Kg1 c3 32. Rcb1 g6 33. Bf3 a2 34.
Rc1 c2 35. Be4 Qc3 36. Kh1 Rb1 37. Kg1 Rxa1 38. Rxa1 Qxa1 0-1

[Event "DVM U20 2009"]
[Site "Chemnitz GER"]
[Date "2009.12.29"]
[Round "6"]
[White "Brüggemann, Florian"]
[Black "Friedrich, Wiede"]
[Result "1/2-1/2"]
[Termination "normal"]
[Board "6.1"]
[WhiteElo "2030"]
[BlackElo "2114"]
[WhiteTeam "SG Aufbau Elbe Magdeburg"]
[BlackTeam "USV Potsdam"]
[PlyCount "30"]
[WhiteFideId "24645567"]
[BlackFideId "24629537"]
[EventCountry "GER"]
[EventRounds "7"]
[EventType "team-swiss"]
[EventDate "2009.12.26"]

1. e4 e5 2. Nf3 Nc6 3. Bc4 Bc5 4. O-O d6 5. c3 Bb6 6. a4 Bg4 7. b4 a6 8. d3 Nf6
9. h3 Bh5 10. Nbd2 Qd7 11. Re1 h6 12. Nf1 g5 13. Ng3 Bg6 14. Nh2 a5 15. Bb5
axb4 1/2-1/2

[Event "DVM U20 2009"]
[Site "Chemnitz GER"]
[Date "2009.12.29"]
[Round "6"]
[White "Zahn, Benno"]
[Black "Schiffner, Kevin"]
[Result "1/2-1/2"]
[Termination "normal"]
[Board "6.2"]
[WhiteElo "1983"]
[BlackElo "1952"]
[WhiteTeam "USV Potsdam"]
[BlackTeam "SG Aufbau Elbe Magdeburg"]
[PlyCount "73"]
[WhiteFideId "24636070"]
[BlackFideId "24674940"]
[EventCountry "GER"]
[EventRounds "7"]
[EventType "team-swiss"]
[EventDate "2009.12.26"]

1. e4 c5 2. Nf3 e6 3. d4 cxd4 4. Nxd4 a6 5. Bd3 Nc6 6. Be3 Qc7 7. Nc3 Nf6 8. f4
d6 9. Qf3 Be7 10. h3 Bd7 11. g4 h6 12. O-O-O O-O-O 13. g5 hxg5 14. fxg5 Ne5 15.
Qf2 Nh7 16. Rhg1 Rdg8 17. Nb3 Bc6 18. Kb1 f6 19. Bb6 Qd7 20. gxf6 Nxf6 21. Qe3
Qe8 22. Ne2 Nfd7 23. Nf4 Nxb6 24. Qxb6 Bd8 25. Qb4 Bc7 26. Bc4 Bd7 27. Nd4 Rh6
28. Rg3 g5 29. Rdg1 Rf8 30. Nd3 Nxc4 31. Qxc4 e5 32. Nb3 Be6 33. Qc3 Rh4 34.
Nd2 Kb8 35. Rxg5 Rxh3 36. Qb4 Rfh8 37. a4 1/2-1/2

[Event "DVM U20 2009"]
[Site "Chemnitz GER"]
[Date "2009.12.29"]
[Round "6"]
[White "Schulz, Marcel"]
[Black "Penne, Bo"]
[Result "1-0"]
[Termination "normal"]
[Board "6.3"]
[WhiteElo "1867"]
[BlackElo "1990"]
[WhiteTeam "SG Aufbau Elbe Magdeburg"]
[BlackTeam "USV Potsdam"]
[PlyCount "61"]
[WhiteFideId "1270585"]
[BlackFideId "24642193"]
[EventCountry "GER"]
[EventRounds "7"]
[EventType "team-swiss"]
[EventDate "2009.12.26"]

1. e4 e6 2. d3 d5 3. Nd2 Nf6 4. e5 Nfd7 5. f4 c5 6. Ngf3 Nc6 7. g3 Be7 8. Bg2
f6 9. exf6 Nxf6 10. O-O O-O 11. Re1 Re8 12. Bh3 Bd6 13. Ne5 Bc7 14. Ndf3 Nxe5
15. fxe5 Ba5 16. exf6 Bxe1 17. f7+ Kxf7 18. Qxe1 Qf6 19. Bg2 Kg8 20. Ne5 Re7
21. Bd2 b6 22. Qe2 Qf8 23. Rf1 Qe8 24. Bf3 Bb7 25. Bg5 Rc7 26. Bh5 g6 27. Bg4
d4 28. Bh6 Qe7 29. Rf7 Qd6 30. Rxc7 Qxc7 31. Bxe6+ 1-0

[Event "DVM U20 2009"]
[Site "Chemnitz GER"]
[Date "2009.12.29"]
[Round "6"]
[White "Schwenke, Vincent"]
[Black "Henschel, Tobias"]
[Result "1-0"]
[Termination "normal"]
[Board "6.5"]
[WhiteElo "1814"]
[BlackElo "1903"]
[WhiteTeam "SG Aufbau Elbe Magdeburg"]
[BlackTeam "USV Potsdam"]
[PlyCount "67"]
[WhiteFideId "24620467"]
[BlackFideId "24601624"]
[EventCountry "GER"]
[EventRounds "7"]
[EventType "team-swiss"]
[EventDate "2009.12.26"]

1. e4 c5 2. c4 Nc6 3. Nc3 d6 4. g3 Nf6 5. Bg2 a6 6. Nge2 Bd7 7. O-O e6 8. d3
Be7 9. a3 Rb8 10. a4 Nd4 11. Nxd4 cxd4 12. Ne2 e5 13. f4 b5 14. axb5 axb5 15.
b3 Qb6 16. Bd2 O-O 17. Ba5 Qc5 18. b4 Qc8 19. fxe5 dxe5 20. c5 Ng4 21. Rf2 Bg5
22. Rf3 Be3+ 23. Kh1 Nf2+ 24. Rxf2 Bxf2 25. Qc2 Be3 26. Nc1 Bxc1 27. Rxc1 Bc6
28. Rf1 Qe6 29. Kg1 Rb7 30. Qe2 Rc8 31. Qh5 Bd7 32. Bh3 Qxh3 33. Qxf7+ Kh8 34.
Qf8+ 1-0

[Event "DVM U20 2009"]
[Site "Chemnitz GER"]
[Date "2009.12.29"]
[Round "6"]
[White "Buchta, Moritz"]
[Black "Nieber, Alexander"]
[Result "0-1"]
[Termination "normal"]
[Board "6.6"]
[WhiteElo "1273"]
[BlackElo "1825"]
[WhiteTeam "USV Potsdam"]
[BlackTeam "SG Aufbau Elbe Magdeburg"]
[PlyCount "64"]
[BlackFideId "24691224"]
[EventCountry "GER"]
[EventRounds "7"]
[EventType "team-swiss"]
[EventDate "2009.12.26"]

1. d4 Nf6 2. c4 e6 3. Nf3 b6 4. Bg5 Bb7 5. e3 Be7 6. Nc3 O-O 7. Be2 d6 8. O-O
Nbd7 9. e4 Nxe4 10. Bxe7 Qxe7 11. Nxe4 Bxe4 12. Bd3 Bxd3 13. Qxd3 Nf6 14. Rac1
c5 15. Rc2 Rfd8 16. Qe3 Rac8 17. b3 Rc7 18. Re1 Rdc8 19. Rd2 Rd7 20. Red1 Rcd8
21. Rd3 Ne8 22. Qd2 Nf6 23. Qe3 h6 24. h3 a6 25. a4 Rb8 26. Nd2 d5 27. Nf3 dxc4
28. bxc4 cxd4 29. Nxd4 Rc7 30. Rc1 Rbc8 31. Rdc3 Qc5 32. Qd3 Rd7 0-1

[Event "DVM U20 2009"]
[Site "Chemnitz GER"]
[Date "2009.12.29"]
[Round "6"]
[White "Siebarth, Raiko"]
[Black "Rudolf, Sebastian"]
[Result "1/2-1/2"]
[Termination "normal"]
[Board "7.1"]
[WhiteElo "2218"]
[BlackElo "2201"]
[WhiteTeam "SG Blau-Weiß Stadtilm"]
[BlackTeam "SG Grün-Weiß Dresden"]
[PlyCount "35"]
[WhiteFideId "4674766"]
[BlackFideId "24609390"]
[EventCountry "GER"]
[EventRounds "7"]
[EventType "team-swiss"]
[EventDate "2009.12.26"]

1. Nc3 c5 2. e4 Nc6 3. Bb5 Nd4 4. Bc4 e6 5. Nge2 Ne7 6. O-O g6 7. a4 Bg7 8. d3
Nec6 9. Nxd4 cxd4 10. Ne2 O-O 11. Bb3 d5 12. Ng3 Qd6 13. h4 Bd7 14. h5 b6 15.
Bd2 Rac8 16. hxg6 fxg6 17. exd5 exd5 18. Ne4 1/2-1/2

[Event "DVM U20 2009"]
[Site "Chemnitz GER"]
[Date "2009.12.29"]
[Round "6"]
[White "Schnoor, Ekkehard"]
[Black "Wolff, Christoph"]
[Result "1-0"]
[Termination "normal"]
[Board "7.2"]
[WhiteElo "1997"]
[BlackElo "1812"]
[WhiteTeam "SG Grün-Weiß Dresden"]
[BlackTeam "SG Blau-Weiß Stadtilm"]
[PlyCount "65"]
[WhiteFideId "24639753"]
[BlackFideId "24659495"]
[EventCountry "GER"]
[EventRounds "7"]
[EventType "team-swiss"]
[EventDate "2009.12.26"]

1. e4 e5 2. Nf3 Nf6 3. Nxe5 d6 4. Nf3 Nxe4 5. Nc3 Nxc3 6. dxc3 Be7 7. Qd4 Bf6
8. Qf4 O-O 9. Be3 Nc6 10. O-O-O Be6 11. Kb1 Qd7 12. Rg1 Rfb8 13. g4 b5 14. g5
Be7 15. Bd3 b4 16. c4 g6 17. h4 a5 18. h5 a4 19. b3 Ra5 20. Be4 Rba8 21. Rd2
Bf5 22. hxg6 fxg6 23. Bd5+ Kf8 24. Nd4 axb3 25. Bxc6 Rxa2 26. Bxd7 Ra1+ 27. Kb2
R1a2+ 28. Kb1 Ra1+ 29. Kb2 R1a2+ 30. Kxb3 R8a3+ 31. Kxb4 c5+ 32. Kb5 Ra5+ 33.
Kc6 1-0

[Event "DVM U20 2009"]
[Site "Chemnitz GER"]
[Date "2009.12.29"]
[Round "6"]
[White "Kinzel, Tiffany"]
[Black "Kunze, Christopher"]
[Result "0-1"]
[Termination "normal"]
[Board "7.3"]
[WhiteElo "1566"]
[BlackElo "1948"]
[WhiteTeam "SG Blau-Weiß Stadtilm"]
[BlackTeam "SG Grün-Weiß Dresden"]
[PlyCount "92"]
[WhiteFideId "4633741"]
[BlackFideId "4647998"]
[EventCountry "GER"]
[EventRounds "7"]
[EventType "team-swiss"]
[EventDate "2009.12.26"]

1. Nc3 e6 2. d4 c5 3. d5 d6 4. e4 exd5 5. exd5 g6 6. Bd3 Bg7 7. Nge2 Nf6 8. O-O
O-O 9. Bg5 Na6 10. Qd2 Nb4 11. Be4 Qe8 12. Bf3 Bf5 13. Rac1 Qd7 14. a3 Na6 15.
h3 h5 16. Ng3 Rfe8 17. Rfe1 Nc7 18. b3 b5 19. Nce4 Nxe4 20. Bxe4 Bxe4 21. Nxe4
Rxe4 22. Rxe4 Qf5 23. Re3 Bd4 24. Rf3 Qxd5 25. Rd1 Qc6 26. Be7 Be5 27. Qh6 Nd5
28. Qg5 Re8 29. Bxd6 Bxd6 30. Rfd3 Re5 31. Qd2 Nf4 32. Rf3 Ne2+ 33. Kf1 Nd4 34.
Rf6 Rf5 35. Rxd6 Qxd6 36. c3 Rd5 37. cxd4 Rxd4 38. Qe3 Rxd1+ 39. Ke2 Rd5 40.
Qe8+ Kg7 41. Qxb5 Qe5+ 42. Kf3 Qc3+ 43. Ke4 Qd4+ 44. Kf3 Rf5+ 45. Ke2 Rxf2+ 46.
Ke1 Qd2# 0-1

[Event "DVM U20 2009"]
[Site "Chemnitz GER"]
[Date "2009.12.29"]
[Round "6"]
[White "Zimmermann, René"]
[Black "George, Tom"]
[Result "1-0"]
[Termination "normal"]
[Board "7.4"]
[WhiteElo "2044"]
[BlackElo "1650"]
[WhiteTeam "SG Grün-Weiß Dresden"]
[BlackTeam "SG Blau-Weiß Stadtilm"]
[PlyCount "105"]
[WhiteFideId "24624349"]
[BlackFideId "24659487"]
[EventCountry "GER"]
[EventRounds "7"]
[EventType "team-swiss"]
[EventDate "2009.12.26"]

1. d4 Nf6 2. c4 e6 3. Nf3 d5 4. Nc3 Be7 5. Bg5 O-O 6. e3 Re8 7. cxd5 exd5 8.
Qc2 Nbd7 9. Bd3 Nf8 10. Bf4 c6 11. O-O Nh5 12. Bg3 Nxg3 13. hxg3 Bd6 14. Rab1
Bg4 15. b4 Bxf3 16. gxf3 Qg5 17. Kg2 a6 18. Ne2 Ng6 19. Rh1 Qe7 20. Rh5 Qe6 21.
a4 h6 22. b5 cxb5 23. axb5 Rec8 24. Qb3 Ne7 25. Nc3 f5 26. e4 Qf7 27. Nxd5 Nxd5
28. Qxd5 Qxd5 29. exd5 f4 30. bxa6 bxa6 31. Rb6 Rd8 32. Bxa6 Rab8 33. Rxb8 Rxb8
34. Rh1 Rb2 35. gxf4 Bxf4 36. Re1 Rb6 37. Bc8 Rb8 38. Be6+ Kf8 39. Ra1 Rd8 40.
Ra7 Bg5 41. Rf7+ Ke8 42. Rxg7 Bf6 43. Rh7 Bxd4 44. f4 Bf6 45. Kf3 Rd6 46. Kg4
Rb6 47. Kf5 Be7 48. Rxh6 Rb2 49. Rh8+ Bf8 50. Kf6 Rb6 51. f5 Ra6 52. Ke5 Ra2
53. d6 1-0

[Event "DVM U20 2009"]
[Site "Chemnitz GER"]
[Date "2009.12.29"]
[Round "6"]
[White "Schröter, Maik"]
[Black "Marsel, Patrick"]
[Result "0-1"]
[Termination "normal"]
[Board "7.5"]
[WhiteElo "1549"]
[BlackElo "1976"]
[WhiteTeam "SG Blau-Weiß Stadtilm"]
[BlackTeam "SG Grün-Weiß Dresden"]
[PlyCount "58"]
[BlackFideId "24623741"]
[EventCountry "GER"]
[EventRounds "7"]
[EventType "team-swiss"]
[EventDate "2009.12.26"]

1. e4 c5 2. Nf3 Nc6 3. d4 cxd4 4. Nxd4 e5 5. Nxc6 bxc6 6. Be3 Nf6 7. Nd2 h6 8.
h3 Be7 9. Bd3 d5 10. exd5 cxd5 11. Bb5+ Bd7 12. Bxd7+ Qxd7 13. Nb3 O-O 14. O-O
Ne4 15. Nd2 Qe6 16. Nxe4 dxe4 17. Qe2 f5 18. Bd2 Rac8 19. Bc3 Rf6 20. Kh1 Bc5
21. Rad1 Bd4 22. Bxd4 exd4 23. b3 Qe5 24. Rfe1 Rfc6 25. Rc1 d3 26. Qd2 Rxc2 27.
Rxc2 Rxc2 28. Qxd3 exd3 29. Rxe5 d2 0-1

[Event "DVM U20 2009"]
[Site "Chemnitz GER"]
[Date "2009.12.29"]
[Round "6"]
[White "Nitze, Florian"]
[Black "Dopmann, Markus"]
[Result "0-1"]
[Termination "normal"]
[Board "7.6"]
[WhiteElo "1719"]
[BlackElo "1481"]
[WhiteTeam "SG Grün-Weiß Dresden"]
[BlackTeam "SG Blau-Weiß Stadtilm"]
[PlyCount "72"]
[WhiteFideId "24603902"]
[EventCountry "GER"]
[EventRounds "7"]
[EventType "team-swiss"]
[EventDate "2009.12.26"]

1. d4 d5 2. c4 e6 3. Nf3 Nf6 4. e3 Be7 5. a3 O-O 6. Nc3 Nbd7 7. c5 c6 8. b4 b6
9. Qc2 bxc5 10. bxc5 Re8 11. Bd3 Nf8 12. O-O h6 13. Ne5 Qc7 14. f4 N6d7 15. Bd2
Nxe5 16. fxe5 f6 17. exf6 Bxf6 18. Ne2 e5 19. Qa2 e4 20. Bc2 Ba6 21. Rf2 Re6
22. Nf4 Ree8 23. Nh5 Bxd4 24. exd4 e3 25. Rxf8+ Kxf8 26. Be1 Qf7 27. Ng3 e2 28.
Bf2 Re6 29. Bf5 Rf6 30. Qc2 g6 31. Bxg6 Qxg6 32. Qxg6 Rxg6 33. Nh5 Kg8 34. Re1
Rf8 35. Ng3 Rgf6 36. Nh1 Rf4 0-1

[Event "DVM U20 2009"]
[Site "Chemnitz GER"]
[Date "2009.12.29"]
[Round "6"]
[White "Geshnizjani, Ramin Tobias"]
[Black "Kappe, Benedikt"]
[Result "1-0"]
[Termination "normal"]
[Board "8.1"]
[WhiteElo "2096"]
[BlackElo "2027"]
[WhiteTeam "Heilbronner SV"]
[BlackTeam "SV 1947 Walldorf"]
[PlyCount "103"]
[WhiteFideId "24633089"]
[BlackFideId "24629855"]
[EventCountry "GER"]
[EventRounds "7"]
[EventType "team-swiss"]
[EventDate "2009.12.26"]

1. e4 d5 2. exd5 Qxd5 3. Nf3 Nf6 4. d4 c6 5. Be2 Bf5 6. O-O e6 7. Bf4 Be7 8. c4
Qa5 9. Nc3 O-O 10. Ne5 Rd8 11. g4 Bg6 12. c5 Nd5 13. Nxd5 cxd5 14. a3 Rc8 15.
b4 Qd8 16. Re1 Bf6 17. Bf3 Nd7 18. Nxd7 Qxd7 19. g5 Be7 20. Qe2 Bf5 21. Bg4
Bxg4 22. Qxg4 b6 23. Re3 bxc5 24. bxc5 Qa4 25. Qd1 Qxd1+ 26. Rxd1 Bd8 27. Rb1
Bc7 28. Bxc7 Rxc7 29. Reb3 f6 30. Rb7 Rac8 31. f4 Kf7 32. Kf2 fxg5 33. fxg5 e5
34. Ke3 Ke6 35. Rxc7 Rxc7 36. Rb8 e4 37. Rd8 Rd7 38. Rc8 Rf7 39. Rc6+ Ke7 40.
Rd6 Rf3+ 41. Ke2 Rxa3 42. Rxd5 Ra2+ 43. Ke3 Rxh2 44. Re5+ Kd7 45. Kxe4 a5 46.
Kd5 a4 47. c6+ Kc7 48. Re7+ Kb6 49. Rb7+ Ka6 50. Rb4 Rc2 51. Rxa4+ Kb5 52. Ra1
1-0

[Event "DVM U20 2009"]
[Site "Chemnitz GER"]
[Date "2009.12.29"]
[Round "6"]
[White "Brede, Fabian"]
[Black "Luo, Xinping"]
[Result "1/2-1/2"]
[Termination "normal"]
[Board "8.2"]
[WhiteElo "1840"]
[BlackElo "2130"]
[WhiteTeam "SV 1947 Walldorf"]
[BlackTeam "Heilbronner SV"]
[PlyCount "52"]
[WhiteFideId "24665444"]
[BlackFideId "4648951"]
[EventCountry "GER"]
[EventRounds "7"]
[EventType "team-swiss"]
[EventDate "2009.12.26"]

1. d4 d5 2. c4 e5 3. dxe5 d4 4. Nf3 Nc6 5. g3 Nge7 6. Bg2 Ng6 7. Bg5 Qd7 8. O-O
h6 9. Bc1 Ngxe5 10. Nbd2 Be7 11. b3 O-O 12. Bb2 Nxf3+ 13. Nxf3 Rd8 14. a3 a5
15. Qc2 Qf5 16. Rac1 Qxc2 17. Rxc2 d3 18. exd3 Rxd3 19. Rc3 Rxc3 20. Bxc3 Bxa3
21. Re1 Be6 22. Ne5 Nxe5 23. Rxe5 a4 24. b4 Bc1 25. Bxb7 Rb8 26. Bd5 Bxd5
1/2-1/2

[Event "DVM U20 2009"]
[Site "Chemnitz GER"]
[Date "2009.12.29"]
[Round "6"]
[White "Häusinger, Benjamin"]
[Black "Busch, Christian"]
[Result "1/2-1/2"]
[Termination "normal"]
[Board "8.3"]
[WhiteElo "1985"]
[BlackElo "1703"]
[WhiteTeam "Heilbronner SV"]
[BlackTeam "SV 1947 Walldorf"]
[PlyCount "68"]
[WhiteFideId "24659576"]
[BlackFideId "1270588"]
[EventCountry "GER"]
[EventRounds "7"]
[EventType "team-swiss"]
[EventDate "2009.12.26"]

1. Nf3 c5 2. c4 Nc6 3. e3 Nf6 4. Nc3 g6 5. d4 cxd4 6. exd4 d5 7. Bf4 a6 8. Be5
dxc4 9. Bxc4 Bg7 10. O-O O-O 11. Re1 b5 12. Bb3 Bb7 13. Rc1 Rc8 14. Qe2 e6 15.
Red1 Nb4 16. a4 bxa4 17. Nxa4 Bd5 18. Bxd5 Nfxd5 19. Nc5 a5 20. Ra1 Ra8 21. Qb5
Bxe5 22. Nxe5 Qc7 23. Qe2 Nc6 24. Na6 Qb6 25. Nxc6 Qxa6 26. Qxa6 Rxa6 27. Nxa5
Rfa8 28. Nb3 Rxa1 29. Nxa1 Ra2 30. Rb1 Nb4 31. Nb3 Nd3 32. f3 Rxb2 33. Rxb2
Nxb2 34. Kf2 Kf8 1/2-1/2

[Event "DVM U20 2009"]
[Site "Chemnitz GER"]
[Date "2009.12.29"]
[Round "6"]
[White "Buchholz, Daniel"]
[Black "Schwarz, Felix"]
[Result "0-1"]
[Termination "normal"]
[Board "8.4"]
[WhiteElo "1484"]
[BlackElo "1813"]
[WhiteTeam "SV 1947 Walldorf"]
[BlackTeam "Heilbronner SV"]
[PlyCount "52"]
[WhiteFideId "1270589"]
[BlackFideId "4639065"]
[EventCountry "GER"]
[EventRounds "7"]
[EventType "team-swiss"]
[EventDate "2009.12.26"]

1. e4 d5 2. exd5 Qxd5 3. Qf3 Qxf3 4. Nxf3 Nf6 5. Bc4 e6 6. Nc3 a6 7. O-O Be7 8.
d3 O-O 9. Bf4 b5 10. Bb3 c5 11. a3 Bb7 12. Nd2 Nc6 13. Nde4 Nxe4 14. Nxe4 Nd4
15. Be3 Rfd8 16. Nd2 Nf5 17. Rad1 Nxe3 18. fxe3 Bf6 19. Nb1 Rd7 20. c3 Rad8 21.
d4 Be4 22. Rd2 e5 23. dxe5 Rxd2 24. Nxd2 Rxd2 25. exf6 Rxg2+ 26. Kh1 Rg6+ 0-1

[Event "DVM U20 2009"]
[Site "Chemnitz GER"]
[Date "2009.12.29"]
[Round "6"]
[White "Wang, Julia"]
[Black "Meier, Matthias"]
[Result "1-0"]
[Termination "normal"]
[Board "8.5"]
[WhiteElo "1660"]
[BlackElo "1457"]
[WhiteTeam "Heilbronner SV"]
[BlackTeam "SV 1947 Walldorf"]
[PlyCount "119"]
[WhiteFideId "24692565"]
[BlackFideId "12909467"]
[EventCountry "GER"]
[EventRounds "7"]
[EventType "team-swiss"]
[EventDate "2009.12.26"]

1. e4 d5 2. exd5 Qxd5 3. Nc3 Qa5 4. Nf3 Bf5 5. Bc4 e6 6. d3 c6 7. Bd2 Nf6 8.
Nd4 Bg4 9. f3 Bh5 10. Qe2 Bc5 11. Nxe6 fxe6 12. Qxe6+ Kd8 13. Nd5 Qxd2+ 14.
Kxd2 cxd5 15. Bb5 a6 16. Ba4 b5 17. Bb3 Re8 18. Qf5 Bg6 19. Qh3 Be3+ 20. Kd1
Nc6 21. Re1 d4 22. a4 b4 23. a5 Ra7 24. Ba4 Rc7 25. Qg3 Ree7 26. Bxc6 Rxc6 27.
Qb8+ Kd7 28. Qb7+ Kd6 29. Qxb4+ Rc5 30. Ra4 Nd5 31. Qb8+ Rec7 32. Rc4 Rxa5 33.
Rxc7 Ra1+ 34. Ke2 Rxe1+ 35. Kxe1 Nxc7 36. Qf8+ Kc6 37. Qxg7 Nd5 38. Qe5 Nb4 39.
Qe6+ Kb5 40. Qc4+ Ka5 41. Qc5+ Ka4 42. b3+ Ka3 43. Qa5+ Kb2 44. Qxb4 Kxc2 45.
Qc4+ Kb2 46. Kd1 a5 47. Qc2+ Ka3 48. Qb1 a4 49. bxa4 Kxa4 50. Kc2 Bf7 51. Qb7
Bg6 52. Qb3+ Ka5 53. Qc4 Kb6 54. Kb3 Ka5 55. Qc5+ Ka6 56. Kc4 Bf7+ 57. Kb4 Bd2+
58. Ka3 Bc3 59. Qc6+ Ka5 60. Qc7+ 1-0